000 00508nam a2200181Ia 4500
008 230711s9999||||xx |||||||||||||| ||und||
020 _a978-93-392-0436-5
041 _aENG
082 _a629.89
_bAL-I
100 _aAlciatore,David G
245 0 _aIntroduction to Mechatronics and Measurement Systems
250 _a4th Ed.
260 _c2016
_aNew Delhi
_bMcGraw Hill Education(India) Private Limited
300 _a553p.
650 _aMechanical Engineering
700 _aHistand,Michael B
942 _cBK
999 _c6658
_d6658